Quiz o polskich youtuberach - Statystyki

Ogólne statystyki
  • Ten quiz został rozwiązany 622 razy
  • Średni wynik to 10 z 15
Statystyki odpowiedzi
Zagadnienie Odpowiedź % Poprawnych
Jaki program prowadzi Tomasz 'Gimper' Działowy? Lekko nie będzie
81%
Kto z tych osób nagrał filmik pod tytułem: PRZEBIJESZ DOBRY BALON = 2000ZŁ! Friz
80%
Kto ma najwięcej subskrybcji na polskim youtubie? Na datę 09.01.2020. Blowek
77%
Która z tych osób nie ma 2 kanałów? MINI MAJK
73%
Kto ocenia piosenki polskich youtuberów? yachuprodukcja
73%
Kto prowadził Mniej Więcej? Mandzio i Kolega Ignacy
68%
Kto z nich jest najstarszy? Również rocznikowo Kolega Ignacy
67%
Który kanał nie jest o sporcie? 5-minutowe Sztuczki
64%
Kto z podanych osób prowadzi kanał o tematyce Pokemon? Kushi
63%
Który z tych youtuberów nie ma miliona subskrybcji? Bladii
62%
Jak nazywa się reZigiusz? Remigiusz Wierzgoń
62%
Jaki youtuber stworzył kanał z piosenkami? Kruszwil
61%
Która z tych osób nie nagrywała Minecrafta? yachuprodukcja
60%
Ile lat ma Piotr Skowyrski (Izak)? Jak coś to rocznikowo :) 33
45%
Kto z nich ma na avatarze (na yt) TV? DisStream
45%
Nie znaleziono quizów pasujących do podanych kryteriów
Rozkład punktacji
Procent ludzi z każdym wynikiem
Percentyl według liczby udzielonych odpowiedzi
Twoja historia wyników
Nie rozwiązałeś tego quizu